| 000 | 00768nam a22002777a 4500 | ||
|---|---|---|---|
| 003 | mut | ||
| 005 | 20240606081304.0 | ||
| 008 | 171106b xxu||||| |||| 00| 0 eng d | ||
| 020 | _a9780199012442 | ||
| 040 | _cmut | ||
| 050 |
_aLB2395 _b.M35 2013 |
||
| 100 | _aHay, Lain | ||
| 245 |
_aMaking the grade: _ba guide to study and success |
||
| 250 | _aCanadian ed. | ||
| 260 |
_aUSA _bOxford university press _ccc2013 |
||
| 650 | _aStudy skills | ||
| 650 | _aAcademic writing | ||
| 650 | _aAcademic achievement | ||
| 650 | _aCommunication in education | ||
| 650 | _aEducational technology | ||
| 650 |
_aCollege students _xLife skills guides _zCanada |
||
| 700 | _aBochner, Dianne | ||
| 700 | _aDungey, Carol | ||
| 700 | _aPerret, Nellie | ||
| 942 |
_2lcc _cBK |
||
| 999 |
_c14045 _d14045 |
||